000 00632nam a2200217Ia 4500
005 20241129105800.0
008 241129s9999||||xx |||||||||||||| ||und||
020 _a978-93-91685-22-5
037 _aTB
040 _aARTS
_beng
_cARTS
041 _aeng
_2eng
084 _aQ4:(Y72).277 R2
_qARTS
100 _aSarma Ramala Au.
_9724721
245 0 _aBuddhism in tai life of Assam
_cSarma Ramala Au.
260 _aNew Delhi, India
_bNew Aayu Publications
_c2022
300 _axviii,283p.
365 _aINR
_b1300
650 _aBuddhismSociology
_9726380
942 _cTB
_hQ4:(Y72).277 R2
999 _c1225917
_d1225917